Alle Fifa Teile erraten - Statistiken

Allgemein
  • Dieses Quiz wurde 150 mal gespielt
  • Das Durchschnittsergebnis liegt bei 13 aus 15
Antwortstatistiken
Hint Antwort % Korrekt
kam 2013 raus Fifa 14
98%
kam 2014 raus Fifa 15
95%
kam 2015 raus Fifa 16
93%
kam 2016 raus Fifa 17
93%
kam 2017 raus Fifa 18
91%
kam 2018 raus Fifa 19
91%
kam 2019 raus Fifa 20
89%
kam 2020 raus Fifa 21
89%
kam 2021 raus Fifa 22
89%
kam 2022 raus Fifa 23
89%
kam 2024 raus EA FC 25
72%
kam 2023 raus EA FC 24
71%
kommt 2025 raus EA FC 26
71%
kommt 2026 raus EA FC 27
71%
kommt 2027 raus EA FC 28
71%
Keine übereinstimmenden Quizze gefunden
Verteilung der Resultate
Anzahl Personen mit jedem Resultat
Perzentil nach korrekt beantworteten Fragen
Ihre Resultats-Entwicklung
Sie haben dieses Quiz noch nicht gespielt